Statistics for Scarface Discography

Click here to take the quiz!

General Stats

  • This quiz has been taken 4 times
  • The average score is 11 of 16

Answer Stats

YearNameType% Correct
1991Mr. Scarface Is BackAlbum
100%
1994The DiaryAlbum
100%
2002The FixAlbum
100%
1997The UntouchableAlbum
100%
1993The World Is YoursAlbum
100%
2015Deeply RootedAlbum
75%
2008EmeritusAlbum
75%
2007MadeAlbum
75%
1998My HomiesAlbum
75%
2000The Last of a Dying BreedAlbum
75%
2002Greatest HitsCompilation
50%
2006My Homies Part 2Album
50%
2006One HunidAlbum (Collab)
50%
2008The Best of ScarfaceCompilation
50%
2003Balls and My WorldCompilation
25%
2010Dopeman MusicMixtape
25%

Score Distribution

Percentile by Number Answered

Percent of People with Each Score

Your Score History

You have not taken this quiz